A dictionary of accounting. (Record no. 23406)
[ view plain ]
| 000 -LEADER | |
|---|---|
| fixed length control field | 00749cam a22002535a 4500 |
| 001 - CONTROL NUMBER | |
| control field | 16156283 |
| 005 - DATE AND TIME OF LATEST TRANSACTION | |
| control field | 20201128024029.0 |
| 008 - FIXED-LENGTH DATA ELEMENTS--GENERAL INFORMATION | |
| fixed length control field | 100326s2010 nyu fr f000 0 eng d |
| 020 ## - INTERNATIONAL STANDARD BOOK NUMBER | |
| International Standard Book Number | 9780199563050 |
| 040 ## - CATALOGING SOURCE | |
| Original cataloging agency | DLC |
| Transcribing agency | DLC |
| Modifying agency | DLC |
| -- | EG-ScBUE |
| Language of cataloging | eng |
| 082 04 - DEWEY DECIMAL CLASSIFICATION NUMBER | |
| Classification number | 657.03 |
| Edition number | 22 |
| Item number | DIC |
| 245 02 - TITLE STATEMENT | |
| Title | A dictionary of accounting. |
| 246 14 - VARYING FORM OF TITLE | |
| Title proper/short title | Oxford dictionary of accounting |
| 246 30 - VARYING FORM OF TITLE | |
| Title proper/short title | Accounting |
| 250 ## - EDITION STATEMENT | |
| Edition statement | 4th ed. |
| 260 ## - PUBLICATION, DISTRIBUTION, ETC. (IMPRINT) | |
| Place of publication, distribution, etc | New York : |
| Name of publisher, distributor, etc | Oxford University Press, |
| Date of publication, distribution, etc | 2010. |
| 300 ## - PHYSICAL DESCRIPTION | |
| Extent | 439 p. ; |
| Dimensions | 20 cm. |
| 490 0# - Series Statement | |
| Series statement | Oxford paperback reference |
| 500 ## - GENERAL NOTE | |
| General note | "Editor of the fourth edition, Jonathan Law"--Credits. |
| 650 #7 - SUBJECT ADDED ENTRY--TOPICAL TERM | |
| Topical term or geographic name as entry element | Accounting |
| Form subdivision | Dictionaries. |
| Source of heading or term | BUEsh |
| 9 (RLIN) | 2349 |
| 651 ## - SUBJECT ADDED ENTRY--GEOGRAPHIC NAME | |
| Source of heading or term | BUEsh |
| 653 ## - INDEX TERM--UNCONTROLLED | |
| Resource For college | BAEPS, Business Administration |
| Arrived date list | December2016 |
| 942 ## - ADDED ENTRY ELEMENTS (KOHA) | |
| Source of classification or shelving scheme | Dewey Decimal Classification |
| Withdrawn status | Item status | Source of classification or shelving scheme | Damaged status | Not for loan | Vendor | Home library | Current library | Shelving location | Date acquired | Source of acquisition | Cost, normal purchase price | Serial Enumeration / chronology | Total Checkouts | Total Renewals | Full call number | Barcode | Date last seen | Date last borrowed | Cost, replacement price | Koha item type |
|---|---|---|---|---|---|---|---|---|---|---|---|---|---|---|---|---|---|---|---|---|
| Dewey Decimal Classification | Baccah | Central Library | Central Library | First floor | 01/12/2016 | Purchase | 100.00 | 3642 | 2 | 1 | 657.03 DIC | 000040167 | 15/07/2025 | 12/11/2019 | 125.00 | Reference (NB) |